000 00229nam a2200097Ia 4500
008 190216s9999||||xx |||||||||||||| ||und||
100 _aRay Chaudhuri
245 0 _aVaithutha Engineering
260 _bKerala Basha Inst
942 _cBK
999 _c37671
_d37671